书目信息 |
| 题名: |
知名媒体人这样说
|
|
| 作者: | 杨芳秀, 著 | |
| 分册: | ||
| 出版信息: | 北京 人民出版社 2018 |
|
| 页数: | 379页 | |
| 开本: | 24cm | |
| 丛书名: | ||
| 单 册: | ||
| 中图分类: | G214 , G219.2 | |
| 科图分类: | ||
| 主题词: | 新闻工作者--xin wen gong zuo zhe--研究--中国 , 新闻工作--xin wen gong zuo--研究--中国 | |
| 电子资源: | ||
| ISBN: | 978-7-01-019979-5 | |
| 000 | 01251cam0 2200277 450 | |
| 001 | 012001003589 | |
| 005 | 20131013160210.0 | |
| 010 | @a978-7-01-019979-5@dCNY58.00 | |
| 099 | @aCAL 012019004664 | |
| 100 | @a20190110d2018 em y0chiy50 ea | |
| 101 | 0 | @achi |
| 102 | @aCN@b110000 | |
| 105 | @aac z 000yd | |
| 106 | @ar | |
| 200 | 1 | @a知名媒体人这样说@Azhi ming mei ti ren zhe yang shuo@e38位知名媒体人心路历程的真实展现@f杨芳秀著 |
| 210 | @a北京@c人民出版社@d2018 | |
| 215 | @a379页@c图, 肖像@d24cm | |
| 330 | @a本书通过对多名有影响的知名主持人、记者编辑、老总们进行深度对话,展现他们的职业理想与职业精神,讲述新闻背后的新闻,挖掘人物背后成功的逻辑,真切呈现媒体人身上的责任与力量,使广大媒体同行、高校新闻传播学院学生受到榜样的激励,从访谈中深刻把握媒体工作规律,从而实现习近平同志提出的新闻舆论“四力”——影响力、引导力、传播力、公信力的提升。 | |
| 517 | 1 | @a38位知名媒体人心路历程的真实展现@A38 wei zhi ming mei ti ren xin lu li cheng de zhen shi zhan xian |
| 606 | 0 | @a新闻工作者@Axin wen gong zuo zhe@x研究@y中国 |
| 606 | 0 | @a新闻工作@Axin wen gong zuo@x研究@y中国 |
| 690 | @aG214@v5 | |
| 690 | @aG219.2@v5 | |
| 701 | 0 | @a杨芳秀,@Ayang fang xiu@f1976-@4著 |
| 801 | @b江苏凤凰@c20191020 | |
| 905 | @b1233343-8@dG214@e795@f6 | |
| 知名媒体人这样说:38位知名媒体人心路历程的真实展现/杨芳秀著.-北京:人民出版社,2018 |
| 379页:图, 肖像;24cm |
| ISBN 978-7-01-019979-5:CNY58.00 |
| 本书通过对多名有影响的知名主持人、记者编辑、老总们进行深度对话,展现他们的职业理想与职业精神,讲述新闻背后的新闻,挖掘人物背后成功的逻辑,真切呈现媒体人身上的责任与力量,使广大媒体同行、高校新闻传播学院学生受到榜样的激励,从访谈中深刻把握媒体工作规律,从而实现习近平同志提出的新闻舆论“四力”——影响力、引导力、传播力、公信力的提升。 |
| ● |
| 相关链接 |
|
|
|
|
正题名:知名媒体人这样说
索取号:G214/795
 
预约/预借
| 序号 | 登录号 | 条形码 | 馆藏地/架位号 | 状态 | 备注 |
| 1 | 1233343 | 212333438 | 第一样本阅览室/ [索取号:G214/795] | 在馆 | |
| 2 | 1233344 | 212333447 | 第四借阅区/ [索取号:G214/795] | 在馆 | |
| 3 | 1233345 | 212333456 | 第四借阅区/ [索取号:G214/795] | 在馆 | |
| 4 | 1233346 | 212333465 | 教育系资料室/ [索取号:G214/795] | 在馆 | |
| 5 | 1233347 | 212333474 | 教育系资料室/ [索取号:G214/795] | 在馆 | |
| 6 | 1233348 | 212333483 | 教育系资料室/ [索取号:G214/795] | 在馆 |